000 00605nam a2200217Ii 4500
003 JO-AjNU
008 230606s9999||||xx |||||||||||||| ||und||
020 _a978-019-809050
040 _aJO-AjNU
_beng
_erda
_cJO-AjNU
041 _aeng
050 1 4 _aQA76.758.B44.1996
100 3 _aBehforooz,Ali/Hudson,
_eauthor
_93925
245 0 0 _aSoftware Engineering Fundamentals
250 _a1 ed
264 3 1 _aNew york:Oxford,1996
300 _a660p
336 _atext
_btxt
_2rdacontent
337 _aunmediated
_bn
_2rdamedia
338 _avolume
_bnc
_2rdacarrier
650 4 _aSoftware Engineering
_93926
999 _aE2046
_c2045
_d2045